| 000 | 00739nam a2200205 a 4500 | ||
|---|---|---|---|
| 003 | 0 | ||
| 005 | 20250415081510.0 | ||
| 008 | 071127s19uu xx 00 eng d | ||
| 050 |
_aPGS BF 637.C53.O55 _b.Sa253 2007 |
||
| 100 | _aSato, Ai F. | ||
| 245 |
_aConflict management style of S.I.S.C students on playing online games / _cAi F. Sato. |
||
| 260 |
_aLas PiƱas City, Philippines : _bSouthville International School and Colleges, _c2007. |
||
| 300 |
_a26 pages : _billustrations ; _c28 cm. |
||
| 504 | _aIncludes bibliographical references. | ||
| 650 | _aConflict management. | ||
| 650 | _aInterpersonal conflict. | ||
| 650 |
_aOnline gaming _vSocial aspects. |
||
| 650 |
_aVideo games _vPsychological aspects. |
||
| 942 |
_2lcc _cPASS |
||
| 999 |
_c97765 _d97765 |
||